Reversed Countries - Sudden Death - Statistics

General Stats
  • This quiz has been taken 68 times
  • The average score is 8 of 16
Answers on the Grid
Answers color-coded by a green-red scale on the quiz's grid according to % correct below.
aidnI
aknaL irS
natszygryK
ramnayM
anayuG
ureP
natsakebzU
arodnA
abuC
amanaP
emanruS
niapS
ecnarF
aibmuloC
natsikijaT
akiR atsoC
ylatI
yaugaraP
aissuR
ociskceM
adianerG
ezileB
laersI
alamatauG
statS detinU
yaugarU
muaG
dahC
 
Answer Stats
Answer % Correct
aknaL irS
74%
ramnayM
70%
aidnI
68%
anayuG
62%
natszygryK
60%
ureP
57%
abuC
51%
amanaP
47%
ecnarF
47%
niapS
47%
ylatI
45%
aissuR
38%
dahC
38%
yaugaraP
38%
ezileB
32%
natsikijaT
32%
No matching quizzes found
Score Distribution
Percent of People with Each Score
Percentile by Number Answered
Your Score History
You have not taken this quiz